Foreign policy of the United States (Record no. 161952)
[ view plain ]
| 000 -LEADER | |
|---|---|
| fixed length control field | 01351nam a2200337 a 4500 |
| 082 04 - DEWEY DECIMAL CLASSIFICATION NUMBER | |
| Classification number | 327.73 |
| 245 00 - TITLE STATEMENT | |
| Title | Foreign policy of the United States |
| 260 ## - PUBLICATION, DISTRIBUTION, ETC. (IMPRINT) | |
| Place of publication | New York : |
| Name of publisher | Nova Science Publishers, Inc., |
| Year of publication | 2010. |
| 300 ## - PHYSICAL DESCRIPTION | |
| Number of Pages | xiii, 255 p. |
| 490 1# - SERIES STATEMENT | |
| Series statement | Foreign policy of the United States ; |
| 700 1# - ADDED ENTRY--PERSONAL NAME | |
| Personal name | Simone, Ernest. |
| 856 40 - ELECTRONIC LOCATION AND ACCESS | |
| Uniform Resource Identifier | http://site.ebrary.com/lib/rucke/Doc?id=10670980 |
No items available.
